000 00321nam a22001457a 4500
008 210226b ||||| |||| 00| 0 eng d
020 _a0834201917
041 _aeng
080 _a610.73
082 _a610.73
100 _a1
101 _aINF
245 _aCommunity Health Analysis
_cG.E.Alan Dever
942 _2udc
_cBK
999 _c55249
_d55249